[Event "SVK-chT2A 1617"]
[Site "Slovakia"]
[Date "2016.11.05"]
[Round "3.7"]
[White "Henc, Marian"]
[Black "Puchart, Vladimir"]
[Result "1-0"]
[WhiteElo "1884"]
[BlackElo "2061"]
[PlyCount "70"]
[EventDate "2016.10.08"]
[EventType "team-tourn"]
[EventRounds "11"]
[EventCountry "SVK"]
[SourceTitle "CBM 175 Extra"]
[Source "ChessBase"]
[SourceDate "2016.12.12"]
[SourceVersion "1"]
[SourceVersionDate "2016.12.12"]
[SourceQuality "1"]
[WhiteTeam "Bratislava Doprastav II"]
[BlackTeam "Trnava Lokomotiva II"]
[WhiteTeamCountry "SVK"]
[BlackTeamCountry "SVK"]

1. c4 Nf6 2. Nf3 c6 3. g3 d5 4. cxd5 cxd5 5. d4 Nc6 6. Nc3 Bf5 7. a3 e6 8. Bg2 Bd6 9. Bd2 Qb6 10. Na4 Qb5 11. b4 a5 12. Nc3 Qb6 13. Na4 Qb5 14. Nc3 Qb6 15. Qa4 Ne4 16. Nb5 0-0 17. Nxd6 axb4 18. Qb5 Qc7 19. Nxf5 exf5 20. Bxb4 Nxb4 21. Qxb4 Rfc8 22. 0-0 f4 23. Ne5 Nc3 24. Bf3 Ra4 25. Qb3 Rxd4 26. Nd3 fxg3 27. hxg3 g6 28. Rac1 Rc4 29. Rc2 h5 30. Nb4 Qe5 31. Rfc1 h4 32. g4 Ne4 33. Rxc4 dxc4 34. Rxc4 Rxc4 35. Qxc4 Nd2 1-0

[Event "Pracov op"]
[Site "Pracov"]
[Date "2004.??.??"]
[Round "5"]
[White "Henc, Marian"]
[Black "Peniska, Pavel"]
[Result "0-1"]
[WhiteElo "1900"]
[BlackElo "1900"]
[PlyCount "130"]
[EventDate "2004.??.??"]
[EventType "swiss"]
[EventRounds "9"]
[EventCountry "CZE"]
[SourceTitle "EXT 2007"]
[Source "ChessBase"]
[SourceDate "2006.11.23"]
[SourceVersion "1"]
[SourceVersionDate "2006.11.23"]
[SourceQuality "1"]

1. c4 e5 2. d3 Nc6 3. Nc3 Nf6 4. Nf3 d5 5. cxd5 Nxd5 6. g3 Be7 7. Bg2 Be6 8. 0-0 0-0 9. Bd2 Nb6 10. a3 f5 11. Rc1 Bf6 12. b4 Nd4 13. Nxd4 exd4 14. Na4 Nxa4 15. Qxa4 c6 16. b5 cxb5 17. Qxb5 Rf7 18. Bxb7 Rb8 19. Qa6 Qb6 20. Qxb6 axb6 21. Bf3 Be7 22. Bb4 Bxb4 23. axb4 Rd7 24. Rc6 Bd5 25. Bxd5+ Rxd5 26. Rfc1 Re5 27. Kf1 Rbe8 28. R1c2 Rb5 29. R6c4 Rd5 30. Ra2 Re7 31. Rc6 Rb5 32. Rb2 Rd7 33. Ke1 Kf7 34. Kd2 Ke7 35. Kc2 Ra7 36. Kb3 Kd7 37. Rbc2 Ra1 38. Rc7+ Kd6 39. Rxg7 Rb1+ 40. Rb2 Rxb4+ 41. Kxb4 Rxb2+ 42. Kc4 Rxe2 43. Kxd4 Rxf2 44. Rxh7 f4 45. Rh6+ Kc7 46. g4 Rg2 47. h3 f3 48. Ke3 f2 49. Ke2 b5 50. Rf6 b4 51. Rf4 b3 52. Rb4 b2 53. Kf1 b1Q+ 54. Rxb1 Rg1+ 55. Kxf2 Rxb1 56. h4 Kd6 57. Kf3 Ke5 58. d4+ Kxd4 59. Kf4 Rf1+ 60. Kg5 Ke5 61. h5 Rf8 62. h6 Rg8+ 63. Kh5 Kf6 64. Kh4 Kg6 65. g5 Ra8 0-1

[Event "SVK-chT1W 0102"]
[Site "Slovakia"]
[Date "2002.??.??"]
[Round "4"]
[White "Federic, Jozef"]
[Black "Henc, Marian"]
[Result "0-1"]
[WhiteElo "1967"]
[BlackElo "1903"]
[PlyCount "66"]
[EventDate "2001.10.??"]
[EventType "team"]
[EventRounds "11"]
[EventCountry "SVK"]
[SourceTitle "EXT 2007"]
[Source "ChessBase"]
[SourceDate "2006.11.23"]
[SourceVersion "1"]
[SourceVersionDate "2006.11.23"]
[SourceQuality "1"]

1. d4 Nf6 2. c4 g6 3. Nc3 Bg7 4. e4 d6 5. f4 Na6 6. Nf3 0-0 7. Be2 c5 8. d5 Bd7 9. 0-0 Nc7 10. Qe1 a6 11. e5 Nfe8 12. Be3 Bg4 13. Qg3 Bxf3 14. Rxf3 b5 15. Rd1 bxc4 16. Bxc4 Qb8 17. Qh4 dxe5 18. Rh3 h5 19. fxe5 Bxe5 20. Bxc5 Nd6 21. Bb3 Nf5 22. Qe4 Ne8 23. Re1 Bf6 24. Rf3 Qc7 25. Bf2 Ned6 26. Qd3 Rfc8 27. Rc1 Qa5 28. Rc2 Qb4 29. Rd2 a5 30. Bd1 Nc4 31. Re2 Nxb2 32. Qd2 Nc4 33. Qc1 Ne5 0-1

[Event "SVK-chT1W 0102"]
[Site "Slovakia"]
[Date "2002.??.??"]
[Round "3"]
[White "Henc, Marian"]
[Black "Lesny, Stefan"]
[Result "0-1"]
[WhiteElo "1903"]
[BlackElo "2098"]
[PlyCount "120"]
[EventDate "2001.10.??"]
[EventType "team"]
[EventRounds "11"]
[EventCountry "SVK"]
[SourceTitle "EXT 2007"]
[Source "ChessBase"]
[SourceDate "2006.11.23"]
[SourceVersion "1"]
[SourceVersionDate "2006.11.23"]
[SourceQuality "1"]

1. Nf3 d5 2. g3 e6 3. Bg2 Be7 4. d3 Bf6 5. Na3 Ne7 6. 0-0 Ng6 7. c4 c6 8. Rb1 0-0 9. Bd2 Re8 10. b4 a6 11. Qc1 Nd7 12. Nc2 Nb6 13. Ne3 e5 14. c5 Nd7 15. Nf5 e4 16. dxe4 Rxe4 17. e3 Rc4 18. Qa3 Nxc5 19. bxc5 Bxf5 20. Rxb7 Qc8 21. Rb6 Be7 22. Qb3 Bxc5 23. Rb7 Bc2 24. Qb2 Ba4 25. Ba5 Bb5 26. Rc7 Qf5 27. Rc1 Bd6 28. Rxc4 Bxc7 29. Nd4 Qf6 30. Rxc6 Bxc6 31. Bxc7 Ne7 32. Qb6 Bb5 33. Qb7 Rf8 34. Nxb5 axb5 35. Qxb5 Qa1+ 36. Bf1 Qxa2 37. Bd6 Qa7 38. Bxe7 Qxe7 39. Qxd5 Qc7 40. Kg2 Rc8 41. Bd3 Qc6 42. e4 Qxd5 43. exd5 h6 44. Kf3 Kf8 45. Ke4 Ke7 46. Ke5 Rc5 47. Be4 Ra5 48. h4 g6 49. g4 f6+ 50. Kf4 Ra4 51. f3 g5+ 52. hxg5 hxg5+ 53. Kf5 Rd4 54. Kg6 Rd2 55. Kf5 Kf7 56. Bb1 Rxd5+ 57. Ke4 Re5+ 58. Kd4 Ke6 59. Be4 Ra5 60. Bc2 Kd6 0-1